=LDR 00000nam 2200000 4500 =001 INLIS000000000007219 =005 20171018094405 =035 ##$$a 0010-061300000007219 =008 171018###########################0#ind## =041 ##$$a Ind =082 ##$$a 2x0 =090 ##$$a 2x0, Ahm p =100 ##$$a Ahmad, Khursid =245 1#$$a Pesan islam, /$c Khursid Ahmad =260 ##$$a 1983 :$b Bandung =300 ##$$a xx, 340 hlm., ; $c 21 cm =650 ##$$a Islam =084 ##$$a 2x0 AHM p =990 ##$$a 73.238/Pro-94 =990 ##$$a 1274112741 =990 ##$$a 01201712741 =990 ##$$a 73.238/Pro-94